Derecho Penal y Procesal penal (Registro nro. 3630)
[ vista simple ]
| 000 -LEADER | |
|---|---|
| fixed length control field | 01909 a2200229 4500 |
| 001 - CONTROL NUMBER | |
| control field | 42635 |
| 005 - DATE AND TIME OF LATEST TRANSACTION | |
| control field | 20260407155714.0 |
| 008 - FIXED-LENGTH DATA ELEMENTS--GENERAL INFORMATION | |
| fixed length control field | 260407a2017 arg spa d |
| 003 - CONTROL NUMBER IDENTIFIER | |
| control field | AR-UNSa-BCEJYS |
| 040 ## - CATALOGING SOURCE | |
| Original cataloging agency | AR-UNSa-BCEJYS |
| Language of cataloging | spa |
| Transcribing agency | AR-UNSa-BCEJYS |
| 080 ## - UNIVERSAL DECIMAL CLASSIFICATION NUMBER | |
| Universal Decimal Classification number | 343.13 |
| Common auxiliary subdivision | Procedimiento penal. Derecho procesal penal |
| 020 ## - INTERNATIONAL STANDARD BOOK NUMBER | |
| International Standard Book Number | 978-987-4405-02-9 |
| 041 ## - LANGUAGE CODE | |
| Language code of text/sound track or separate title | spa |
| 100 1# - MAIN ENTRY--PERSONAL NAME | |
| Personal name | Romero Villanueva, Horacio J. |
| 245 10 - TITLE STATEMENT | |
| Title | Derecho Penal y Procesal penal |
| Name of part/section of a work | nuevos escenarios |
| 264 #1 - PRODUCTION, PUBLICATION, DISTRIBUTION, MANUFACTURE, AND COPYRIGHT NOTICE | |
| Place of production, publication, distribution, manufacture | Buenos Aires : |
| Name of producer, publisher, distributor, manufacturer | Erreius |
| Date of production, publication, distribution, manufacture, or copyright notice | 2017 |
| 300 ## - PHYSICAL DESCRIPTION | |
| Extent | 111 p. |
| Dimensions | 26 cm. |
| 505 ## - FORMATTED CONTENTS NOTE | |
| Formatted contents note | 1. Evolución del delito de trata de personas en la legislación nacional / Roberto Godoy Lemos - Inda Browarnik - 2. ¿Debe modificarse el régimen de libertad condicional en la Argentina? El divorcio entre la realidad y el discurso; la hipocresía del tero, gritar en un lugar y poner los huevos en otro / Lucas Grenni - 3. Régimen penal juvenil: algunas reflexiones sobre su posible reforma / Ricardo A. Grisetti- David M. Meriles - 4. Acerca de la decalración de la Cámara Federal de Apelaciones de La Plata de la imprescriptibilidad de los actos que impliquen corrupción / Nadia Komarofky - 5. La naturaleza punitiva de la expulsión de extranjeros / Mariano R. La Rosa - 6. El protocolo de actuación de las fuerzas de seguridad del Estado en manifestaciones públicas, desde un análisis jurídico / María P. Livio- Germán Blanco - 7. La Corte Suprema bajo fuego: comentario al fallo "Recurso de hecho deducido por la defensa de Luis Muiña en la causa `Bignone, Reynaldo Benito antonio y otro s/recurso extraordinario´" - 8. Violencia de género y derecho penal en el siglo XXI / José L. Puricelli - 9. La acción penal y su extinción / Adrián R. Tellas - |
| 590 ## - LOCAL NOTE (RLIN) | |
| Local note | niveau_biblio:m niveau_hierar:0 |
| 856 41 - ELECTRONIC LOCATION AND ACCESS | |
| Uniform Resource Identifier | <a href="https://biblioeco.unsa.edu.ar/pmb/images/libros/E00063.jpg">https://biblioeco.unsa.edu.ar/pmb/images/libros/E00063.jpg</a> |
| Link text | Imagen de portada |
| Electronic format type | image/jpeg |
| 942 ## - ADDED ENTRY ELEMENTS (KOHA) | |
| Koha item type | |
| Withdrawn status | Lost status | Damaged status | Not for loan | Home library | Current library | Shelving location | Date acquired | Total checkouts | Full call number | Barcode | Date last seen | Price effective from | Koha item type |
|---|---|---|---|---|---|---|---|---|---|---|---|---|---|
| Biblioteca Prof. Eusebio Cleto del Rey | Biblioteca Prof. Eusebio Cleto del Rey | 07/04/2026 | E343.13 R763d/ER v.1 | E00063 | 07/04/2026 | 07/04/2026 | Libro | ||||||
| Biblioteca Prof. Eusebio Cleto del Rey | Biblioteca Prof. Eusebio Cleto del Rey | 07/04/2026 | E343.13 R763d/ER v.2 | E00066 | 07/04/2026 | 07/04/2026 | Libro |